000 00598nam a2200193Ia 4500
005 20250508150636.0
008 008 250505s9999 xx 000 0 eng d
037 _aTextual
040 _aFEDL
_beng
_cFEDL
041 _aeng
_2eng
084 _a372.4, OBR
_qFEDL
100 _aO'Brien John Anthony
_9757257
245 0 _aReading its psychology and pedagogy: A summary of experimental studies in reading
260 _aNew York, USA
_bThe Century Co.
_c1926
300 _axxviii,308p.
490 _aThe century education
942 _cTEXL
_h372.4, OBR
999 _c1324755
_d1324755